00426cam a22001337a 4500008004000000082001400040245006900054260002400123300001000147650003900157650003300196650004100229700002200270180718b1996 xxu||||| |||| 00| 0 eng d aZ000 Sw22 aAgrobiodiversity and farmers' rightscedited by M.S. Swaminathan aDelhibKonarkc1996 a303p. afarmers - Legal status, laws, etc. aBiological diversity - India aAgricultural diversification - India aSwaminathan, M.S.